000 00445nam a2200193Ia 4500
005 20240823062303.0
008 240823s9999||||xx |||||||||||||| ||und||
020 _a978-93-332-1714-9
041 _aENGLISH
082 _A621.3192 Q9
100 _aBakshi U A
245 0 _aCircuit Theory
250 _a1st
260 _c2019
_bTechnical Publica
500 _aYES
650 _aCircuit Theory
_bElectrical
942 _cBK
999 _c235521
_d235521